Powiaty woj. podkarpackiego na odwróconej mapie - Statystyki

Ogólne statystyki
  • Ten quiz został rozwiązany 30 razy
  • Średni wynik to 22 z 25
Odpowiedzi na mapie
Odpowiedzi zakodowano w zielono-czerwonej skali na mapie do tego quizu, zgodnie z poniższymi procentami.
 
Statystyki odpowiedzi
Powiaty % Poprawnych
Przemyśl
100%
Krośnieński
96%
Krosno
96%
Przemyski
96%
Rzeszów
96%
Sanocki
96%
Leski
92%
Bieszczadzki
88%
Jasielski
88%
Lubaczowski
88%
Tarnobrzeg
88%
Dębicki
84%
Jarosławski
84%
Leżajski
84%
Niżański
84%
Rzeszowski
84%
Brzozowski
80%
Kolbuszowski
80%
Łańcucki
80%
Mielecki
80%
Przeworski
80%
Ropczycko - Sędziszowski
80%
Stalowowolski
80%
Strzyżowski
80%
Tarnobrzeski
80%
Nie znaleziono quizów pasujących do podanych kryteriów
Rozkład punktacji
Procent ludzi z każdym wynikiem
Percentyl według liczby udzielonych odpowiedzi
Twoja historia wyników
Nie rozwiązałeś tego quizu